000 00407nam a2200145 4500
001 136777
003 ES-MaACL
007 t|
008 070214s1919 fr r ||||1| fre d
100 1 _aSageret, Jules.
_9101434
245 1 0 _aPhilosophie de la guerre et de la paix /
_cJules Sageret.
260 _aParis :
_b[s.n.],
_c1919 (
_fImp. Dardaillou)
300 _a431 p. ;
_c23 cm.
852 _aES-MaACL
_jB-7087
999 _c136777
_d136777